Co neprojde (skoro nikdy) v marketingu

Výsledky anonymnej ankety, v ktorej sa manažérov pýtali, čo považujú za najväčšie problémy v marketingu, čo sa v marketingu najťažšie presadzuje. Päťdesiat momentov, ktoré komplikujú každodennú prácu marketingových manažérov.

Guardado en:
Detalles Bibliográficos
Autor principal: Bohuněk, Bohuslav
Formato: Capítulo de libro
Lenguaje:checo
Materias:
Etiquetas: Agregar Etiqueta
Sin Etiquetas, Sea el primero en etiquetar este registro!

MARC

LEADER 00000naa$a2200000$$$4500
001 0100691
005 20231019093927.1
041 0 |a cze 
044 |a CZ 
245 1 0 |a Co neprojde (skoro nikdy) v marketingu  |c Bohuslav Bohuněk 
520 |a Výsledky anonymnej ankety, v ktorej sa manažérov pýtali, čo považujú za najväčšie problémy v marketingu, čo sa v marketingu najťažšie presadzuje. Päťdesiat momentov, ktoré komplikujú každodennú prácu marketingových manažérov. 
610 2 0 |a marketing 
610 2 0 |a predaj 
610 2 0 |a kreativita 
610 2 0 |a zákazníci 
610 2 0 |a značky výrobkov 
610 2 0 |a médiá 
610 2 0 |a trh 
610 2 0 |a reklama 
610 2 0 |a konkurencia 
100 1 |a Bohuněk, Bohuslav